000 00634nam a22001937a 4500
003 OSt
005 20240830115158.0
008 240830b ||||| |||| 00| 0 eng d
040 _cAIMIT LIBRARY
100 _aJ Durgashree.
_e2216055
_9178232
245 _aStudy on talent management and its impact on organization performance /
_cBy Durgashree J ; Guided by Gowthami.
260 _aMangaluru ;
_c2024.
650 _aLiterature review
_9178233
650 _aResearch methodology
_9178234
650 _aData analysis and interpretation
_9178235
700 _aGowthami.
_eGuide
_9178236
856 _3KIOCL limited
942 _2ddc
_cPRO
999 _c231653
_d231653